000 00346 a2200157 4500
001 74438
020 _a8526010662
040 _cAnchieta - Colégio São Paulo
100 _aBelinky, Tatiana
240 1 0 _aA Torre do Reno
_lpor
245 1 0 _aA Torre do Reno
300 _a[26]
362 0 _a2006
650 4 _aLiteratura infantil
942 _cBK
999 _c74438
_d74438